| 000 | 00374nam a2200145Ia 4500 | ||
|---|---|---|---|
| 008 | 150201s2006 xx 000 0 und d | ||
| 082 |
_a617.645 _bC2006M |
||
| 100 | _aJOSEPH, JOHN | ||
| 245 | _aCOMPERHENSIVE PEDIATRIC DENTISTRY | ||
| 250 | _a1ST | ||
| 260 |
_bARORA MEDICAL BOOKS DISTRIBUTOR _aLUCKNOW _c2006 |
||
| 300 | _a1-340 | ||
| 650 | _aPEDODONTICS | ||
| 942 |
_2ddc _cBK |
||
| 999 |
_c3326 _d3326 |
||